00726 a2200205 450000500170000001000130001702000260003003500130005603700090006908200060007810000260008424501110011026000300022127000110025130000220026270000440028494200250032899900190035395201480037220240517123127.0 aB-759096 a9789354716249c395.00 aB-759096 bGift aS aCawthon, Scott966329 aFive Nights at Freddy's Tales from The Pizzaplex #6 Nexie/cScott Cawthon, kelly Parra and Andrea Waggener aUKbScholastic Inc.c2023 aUKbUK a242 p.c21cm (Pb) aParra, Kelly and Waggener Andrea966330 adplcCH2ddchSmCAW c202934d202934 001040708FICaAVbAVd2024-05-17eGift/10.5.24g395.00l2oS CAWpB-759096r2026-01-28 00:00:00s2026-01-13t1v395.00w2024-05-17yCHzGift